Detalles MARC
| 000 -LIDER |
| fixed length control field |
01461nam a2200349 a 4500 |
| 001 - NÚMERO DE CONTROL |
| Identificador de número de control |
|
| 003 - IDENTIFICACDOR DE NÚMERO DE CONTROL |
| control field |
DO-SdBNP |
| 005 - DATE AND TIME OF LATEST TRANSACTION |
| control field |
20210512125922.0 |
| 008 - ELEMENTOS DE LONGITUD FIJA |
| fixed length control field |
100921s1980 dr ac 001 0 spa d |
| 020 ## - ISBN |
| International Standard Book Number |
844993589X |
| 040 ## - FUENTE DE CATALOGACIÓN |
| Agencia que crea de manera original el registro |
DO-SdBNP |
| Idioma de catalogación |
spa |
| Agencia que realiza la transcripción |
BNPHU |
| 082 ## - NÚMERO DE CLASIFICACIÓN DECIMAL DE DEWEY |
| Classification number |
972.9304 |
| Item number |
B719p,1980 |
| Edition number |
22 |
| 100 1# - ASIENTO PRINCIPAL -- NOMBRE PERSONAL |
| Nombre personal |
Bono, Pedro F . |
| Forma completa del nombre |
( Pedro Francisco) |
| Fechas asociadas con el nombre |
1908-1986 |
| 245 10 - MENCIÓN DE TITULO |
| Título |
Papeles de Pedro F. Bonó : |
| Subtítulo |
para la historia de las ideas políticas en Santo Domingo / |
| Mención de responsabilidad |
editor Emilio Rodríguez Demorizi. |
| 250 ## - MENCIÓN DE EDICION |
| Mención de edición |
2a ed. |
| 260 ## - PUBLICACIÓN, DISTRIBUCIÓN, ETC. (PIE DE IMPRENTA) |
| Lugar de publicación, distribución, etc |
Barcelona, España : |
| Nombre del editor, distribuidor, etc. |
Gráficas M. Pareja ; |
| -- |
Academia Dominicana de la Historia, |
| Fecha de publicación, distribución, etc |
1980. |
| 300 ## - DESCRIPCIÓN FÍSICA |
| Extensión |
636 p. : |
| Otros detalles físicos |
il., retrs. ; |
| Dimensiones |
24 cm. |
| 490 0# - MENCIÓN DE SERIES |
| Mención de serie |
Academia Dominicana de la Historia, |
| Volume/sequential designation |
17 |
| 500 ## - NOTA GENERAL |
| Nota general |
Incluye índice de personas, lugares y materias. |
| 500 ## - NOTA GENERAL |
| Nota general |
Incluye cronología de la vida de Pedro Francisco Bonó. |
| 504 ## - NOTA DE BIBLIOGRAFÍA, ETC. |
| Bibliography, etc |
Incluye referencias biblográficas y notas al pie de las páginas. |
| 590 ## - NOTA LOCAL |
| Enlace |
Inventariado, 2021/VM |
| 600 14 - ENCABEZAMIENTO DE MATERIA--NOMBRE PERSONAL |
| Nombre personal |
Bonó, Pedro Francisco |
| Fechas asociadas con el nombre |
1828-1906 |
| Subdivisión temática general |
Correspondencia, Memorias, etc. |
| 650 #4 - ENCABEZAMIENTO DE MATERIA--TEMÁTICO |
| Término temático o nombre geográfico como elemento de entrada |
Estadistas |
| Subdivisión geográfica |
República Dominicana |
| Subdivisión de forma |
Correspondencia. |
| 651 #4 - ENCABEZAMIENTO DE MATERIA--NOMBRE GEOGRÁFICO |
| Nombre geográfico |
República Dominicana |
| Subdivisión temática general |
Historia |
| Subdivisión cronológica |
1844-1930 |
| 651 #4 - ENCABEZAMIENTO DE MATERIA--NOMBRE GEOGRÁFICO |
| Nombre geográfico |
República Dominicana |
| Subdivisión temática general |
Política Y Gobierno |
| Subdivisión cronológica |
1844-1930 |
| 700 1# - ASIENTO SECUNDARIO -- NOMBRE PERSONAL |
| Nombre personal |
Rodríguez Demorizi, Emilios |
| Mención de responsabilidad |
ed. |
| 710 2# - ASIENTO SECUNDARIO -- NOMBRE CORPORATIVO |
| Nombre corporativo o de jurisdicción |
Academia Dominicana de la Historia |
| 830 #0 - ASIENTO SECUNDARIO DE SERIE--TÍTULO UNIFORME |
| Título uniforme |
Academia Dominicana de la Historia |
| Volume number/sequential designation |
17 |
| 910 ## - VALIDACIÓN |
| Validación |
VMateo |
| 942 ## - ADDED ENTRY ELEMENTS (KOHA) |
| Source of classification or shelving scheme |
Dewey Decimal Classification |
| Koha item type |
Libros |